000 00933 a2200193 4500
003 Nust
005 20230223171027.0
010 _a 85013638
020 _a0871509466
040 _cNust
082 0 0 _a519.536,MYE
100 1 _aMyers, Raymond H.
_98670
245 1 0 _aClassical and modern regression with applications /
_cRaymond H. Myers.
260 _aBoston, Mass. :
_bDuxbury Press,
_cc1986.
300 _aviii, 359 p. :
_bill. ;
_c24 cm.
505 _aIntroduction Regressions Analysis (Page-1), The Simple Linear Regression Model (Page-8), The Multiple Linear Regression Model (Page-51), Criteria for Choice of Best Model (Page-100), Analysis of Residuals (Page-137), Nonstandard Conditions Violations of Assumptions and Transformation (Page-167), Detecting and Combating Multicolinearity (Page-218), Influence Diagnostics (Page-276), Nonlinear Regression (Page-300).
650 0 _aRegression analysis.
942 _2ddc
_cBK
999 _c181402
_d181402